Dr Aleksander Majkowski a Borzyszkowy i Gochy

Titel: Dr Aleksander Majkowski a Borzyszkowy i Gochy
Verfasser:
In: Borzyszkowy i Borzyszkowscy ; 6. Tuchomie, (1999), Seite 86-91
alle Artikel anzeigen
Veröffentlicht: 1999
Format: Aufsatz
Sprache: Polnisch
Kein Bild verfügbar
X
alg: 39359980
001A    $01999:12-11-16 
001B    $01999:25-05-21 $t21:44:54.000 
001D    $01999:12-11-16 
001U    $0utf8 
001X    $00 
002@    $0Aox 
003@    $0393599809 
007A    $0393599809 $aHEB 
007T    $0Herdt13669 
010@    $apol 
011@    $a1999 
021A    $aDr Aleksander Majkowski a Borzyszkowy i Gochy 
027A    $aDr. Aleksander Majkowski und Borczyskowy und die Region Gochy 
028A    $#Borzyszkowski, Josef $#Bòrzëszkòwsczi, Józef $7103361952 $8Borzyszkowski, Józef$Z1946- [Tp1] $9138771383 
031A    $h86-91 $j1999 
039B    $aIn $8--Afu--. Borzyszkowy i Borzyszkowscy ; 6. Tuchomie. - Gdańsk, 1999. - 374 S.. - Ill.. - ISBN 83-87258-25-3 $x199900000000000914 $9089573560 
045F    $a929.094382 $eDDC23BSB 
045F/01 $a929 
045F/03 $g4382 
045F/03 $g43832 
046C    $aDr. Aleksander Majkowski und Borczyskowy und die Region Gochy $bÜbers. des Hauptsacht. 

lok: 39359980 78

exp: 39359980 78 1 #EPN
201B/01 $016-04-19 $t22:44:46.000 
201U/01 $0utf8 
203@/01 $0789710285 
208@/01 $a12-11-16 $be 
209A/01 $a/ $f000 $x00 
220C/01 $aTitelaufnehmer: uz;gk 
220C/01 $aHerkunft: UMK/BU Toruń 
244Z/01 $2Trx $#Prusy Wschodnie i Zachodnie $8--Trx--Ost- und Westpreußen $x01 $939113373X 
244Z/01 $2Trx $#Borczyskowo Konitz $#Bergfried* $8--Trx--Borzyszkowy$gChojnice $x02 $9391256343 
244Z/01 $2Trx $8--Trx--Gochy$gregion $x03 $9391156659 
244Z/01 $#Majkòwsczi, Aleksander $7121545598 $8--Tp1--Majkowski, Aleksander$Z1876-1938 $x04 $9090751183 
244Z/01 $2Trx $#külad $#kaimai $#villages $#falvak $#wsie $#dediny $#vesnice $8--Trx--Dörfer $x05 $9391374176 
244Z/01 $2Trx $#kašuubid $#kašubai $#kaschubs $#kasubok $#Kaszubi $#Kašubovia $#Kašubové $#Kabatker $#Kabatkowie $8--Trx--Kaschuben $x06 $9391361384 
244Z/01 $2Trx $8--Trx--Einzelbeiträge $x07 $9391384570 
245Z/01 $a12.03 $x01 
247C/01 $82080>Marburg/Lahn, Herder-Institut, Forschungsbibliothek, Bibliographieportal $9336309341
LEADER 00000caa a22000002c 4500
001 393599809
003 DE-603
005 20210525214454.0
007 tu
008 161112s1999 xx |||| | u00||u|pol c
035 |a (DE-599)HEB393599809 
040 |a DE-603  |b ger  |c DE-603  |d DE-603 
041 |a pol 
082 0 4 |8 1\u  |a 929.094382  |q DE-101  |2 23/BSB 
085 |8 1\u  |b 929 
085 |8 1\u  |z 2  |s 4382 
085 |8 1\u  |z 2  |s 43832 
100 1 |a Borzyszkowski, Józef  |d 1946-  |0 (DE-603)138771383  |0 (DE-588)103361952  |2 gnd 
245 0 0 |a Dr Aleksander Majkowski a Borzyszkowy i Gochy 
246 1 |i Übers. des Hauptsacht.  |a Dr. Aleksander Majkowski und Borczyskowy und die Region Gochy 
246 1 3 |a Dr. Aleksander Majkowski und Borczyskowy und die Region Gochy 
264 0 |c 1999 
773 0 8 |i In  |t Borzyszkowy i Borzyszkowscy ; 6. Tuchomie  |d Gdańsk, 1999  |h 374 S., Ill.  |z 8387258253  |g (1999), Seite 86-91  |w (DE-603)089573560 
924 0 |9 2080  |a (DE-603)789710285  |b DE-2080  |c HES  |d d  |g /